| 000 | 00730nam a2200265Ia 4500 | ||
|---|---|---|---|
| 003 | OSt | ||
| 005 | 20221007110849.0 | ||
| 006 | a|||||r|||| 00| 0 | ||
| 007 | ta | ||
| 008 | 221006b |||||||| |||| 00| 0 hin d | ||
| 020 | _a8189479431 | ||
| 024 | _a22,019 | ||
| 037 | _cTextual | ||
| 040 |
_aLCO _cLCO _bhin |
||
| 041 |
_2hin _ahin |
||
| 082 | _aY15:45:6, P8 | ||
| 100 |
_aHuman Rights Law Network _9402706 |
||
| 245 | 0 | _aDomestic Violence and the Law | |
| 260 |
_aNew _bDelhi Human Rights Law Network India _c2008 |
||
| 300 | _a273 | ||
| 650 |
_a DOMESTIC VIOLENCE _933868 |
||
| 650 |
_aHIV TESTING _9707926 |
||
| 942 |
_hY15:45:6, P8 _cTEXL |
||
| 999 |
_c1191582 _d1191582 |
||